000 00224nam a22000857a 4500
008 160920b xxu||||| |||| 00| 0 eng d
100 _9663
_aCBSE
245 _aSocial Sciences-VIII
260 _aNew Delhi
_bS. Chand Publications
_c2010
999 _c3320
_d3320